Argentina Quiz - Statistics

General Stats
  • This quiz has been taken 19 times
  • The average score is 8 of 12
Answer Stats
Hint Answer % Correct
Capital Buenos Aires
100%
Language Spanish
100%
Currency Argentine Peso
94%
Neighbor Bolivia, Brazil, Chile, Paraguay, Uruguay
94%
Island name disputed with the UK Falkland Islands
88%
Soccer/Football player #10 Lionel Messi
88%
Leader of the Holy See born here Pope Francis
76%
Government Type Democratic Republic
71%
Flag colors Light Blue, White, Yellow
65%
Anthem official name Himno Nacional Argentino
29%
National Bird Andean Condor
24%
National Dish Asados
6%
No matching quizzes found
Score Distribution
Percent of People with Each Score
Percentile by Number Answered
Your Score History
You have not taken this quiz